000 00309nam a2200133Ia 4500
005 20260326235457.0
008 260326s9999||||xx |||||||||||||| ||und||
100 _aNiemeyer, Oscar
245 0 _aMy Architecture /
_cOscar Niemeyer
260 _bRevan
300 _a112 p.
650 _aARQUITECTOS
942 _cBK
999 _c7974
_d7974